| 000 | 01339nam a2200337 c 4500 | ||
|---|---|---|---|
| 003 | BLK | ||
| 005 | 20230505094139.0 | ||
| 008 | 180410b bul|||||r ||||||| ||bul|| | ||
| 010 | _aKNG00157813000 | ||
| 020 |
_a978-954-26-1088-5 _bиздат.: Хермес |
||
| 040 | _aBLK | ||
| 041 |
_aBUL _cBUL |
||
| 072 | 7 |
_2bullib _aН85 _xДетска художествена литература Н |
|
| 080 |
_aИталианска литература _b821.131.1 _x-93 _z821.131.1-93 |
||
| 700 | 1 |
_aХристова, Наталия Василева _9367224 |
|
| 700 | 1 |
_aКотони, Анна Мария _eил. _983422 |
|
| 139 |
_aВълшебни приказки за лека нощ _bВ 95 |
||
| 245 | 1 | 0 |
_aВълшебни приказки за лека нощ _cпрев. Наталия Василева Христова; ил. Анна Мария Котони. |
| 257 | _aITA | ||
| 260 |
_аПловдив _bХермес _c2012 _fКитай |
||
| 300 |
_a92 с. _bс цв. ил. _c23Х23 см |
||
| 380 | _aDX | ||
| 490 | 1 | _aВълшебни приказки | |
| 500 | _aОриг. загл.: Storie della buonanotte. | ||
| 659 | _aН | ||
| 852 | _aЦб 263724 | ||
| 856 | 4 |
_qpdf _u |
|
| 856 | 4 |
_qpdf _u |
|
| 942 |
_cKNG _n0 |
||
| 944 |
_aCR _c12.03.2014 _kПенка_Димитрова |
||
| 944 |
_aED _c06.04.2017 _kВиолета_Тройчева |
||
| 999 |
_c151416 _d151416 |
||